[Event "European Youth Chess Championship G16"]
[Site "Prague, Top Hotel Prague"]
[Date "2012.08.22"]
[Round "6.11"]
[White "Pastuszko, Kinga"]
[Black "Smirnova, Ekaterina"]
[Result "1/2-1/2"]
[WhiteElo "1946"]
[BlackElo "2113"]
[PlyCount "91"]
[EventDate "2012.08.17"]

1. e4 c5 2. Nf3 Nc6 3. d4 cxd4 4. Nxd4 Nf6 5. Nc3 d6 6. Bg5 Qa5 7. Bxf6 gxf6 8.
Qd2 h5 9. f4 h4 10. O-O-O Bh6 11. g3 Bg4 12. Be2 Bxe2 13. Ndxe2 O-O-O 14. Kb1
Rdg8 15. Qd3 Bf8 16. Qc4 Rh7 17. Nd5 Qc5 18. Qd3 Rhg7 19. a3 a5 20. Qf3 Kb8 21.
Rd3 a4 22. Ndc3 Qc4 23. Qh5 hxg3 24. hxg3 e6 25. Nb5 f5 26. Nxd6 Bxd6 27. Rxd6
Qxe4 28. Rhd1 Rc8 29. Nc3 Qg2 30. Rd7 Qxg3 31. Rxf7 Rxf7 32. Qxf7 Qxf4 33. Qxe6
Rd8 34. Rxd8+ Nxd8 35. Qd5 Nc6 36. Nb5 Qg5 37. Qd6+ Ka8 38. Qf8+ Nd8 39. Qc5
Nc6 40. Qf8+ Nd8 41. Nc7+ Ka7 42. Qc5+ Kb8 43. Nb5 Nc6 44. Qd6+ Ka8 45. Qe6 f4
46. Qc8+ 1/2-1/2

[Event "European Youth Chess Championship G16"]
[Site "Prague, Top Hotel Prague"]
[Date "2012.08.22"]
[Round "6.13"]
[White "Richterova, Natasa"]
[Black "Garcia-Castany Musellas, Gal La"]
[Result "0-1"]
[WhiteElo "1864"]
[BlackElo "2019"]
[PlyCount "132"]
[EventDate "2012.08.17"]

1. e4 e5 2. Nf3 Nc6 3. Bc4 Bc5 4. c3 Nf6 5. d3 O-O 6. O-O d5 7. exd5 Nxd5 8.
Nbd2 Nb6 9. Bb5 Qd5 10. Qb3 Rd8 11. Nc4 Nd7 12. Re1 Bd6 13. Nxd6 Qxd6 14. Ng5
Rf8 15. Qd1 h6 16. Nf3 Re8 17. Bf4 Re7 18. Bg3 Qf6 19. Ba4 a6 20. Qd2 b5 21.
Bc2 Bb7 22. h3 Nf8 23. Nh2 Rae8 24. Ng4 Qd6 25. Ne3 Qd8 26. Bh4 f6 27. Nf5 Rd7
28. Qe3 Ng6 29. Qg3 Nxh4 30. Qxh4 Ne7 31. Ng3 Rf8 32. Qg4 f5 33. Qe2 Ng6 34. d4
e4 35. a4 Nf4 36. Qf1 Qg5 37. Kh2 c6 38. axb5 cxb5 39. Ne2 Bd5 40. Nxf4 Qxf4+
41. g3 Qd6 42. Qg2 Rdf7 43. Kg1 Qc6 44. Bd1 f4 45. g4 e3 46. f3 h5 47. g5 h4
48. Rf1 Be6 49. Kh2 g6 50. Bc2 Kg7 51. Bd3 Bf5 52. Bxf5 Rxf5 53. Rg1 Rh8 54.
Qe2 Rh5 55. Rg4 Rfxg5 56. Rag1 Qf6 57. Qd3 Rxg4 58. Rxg4 Rg5 59. d5 Rxg4 60.
hxg4 Qe5 61. Qd1 e2 62. Qe1 Qe3 63. d6 Qxf3 64. d7 Qg3+ 65. Qxg3 hxg3+ 66. Kg2
e1=Q 0-1

[Event "European Youth Chess Championship G16"]
[Site "Prague, Top Hotel Prague"]
[Date "2012.08.22"]
[Round "6.14"]
[White "Dragieva, Denitza"]
[Black "Kiseleva, Arina"]
[Result "1-0"]
[WhiteElo "2005"]
[BlackElo "1937"]
[PlyCount "109"]
[EventDate "2012.08.17"]

1. d4 Nf6 2. Nf3 g6 3. Bg5 Bg7 4. Nbd2 c5 5. c3 Nc6 6. Bxf6 Bxf6 7. Ne4 cxd4 8.
Nxf6+ exf6 9. Nxd4 Qb6 10. Qb3 Nxd4 11. Qxb6 axb6 12. cxd4 d6 13. e3 Be6 14. a3
Ke7 15. Be2 Rhc8 16. Kd2 Rc7 17. Rac1 Rac8 18. Bf3 d5 19. Rxc7+ Rxc7 20. Be2
Bd7 21. Rc1 Bc6 22. Rc3 Kd6 23. Rb3 Re7 24. Rxb6 f5 25. g3 f6 26. a4 g5 27. a5
Kc7 28. b4 Re6 29. Bd3 Bd7 30. Bxf5 Rxb6 31. axb6+ Kc6 32. b5+ Kd6 33. Bxd7
Kxd7 34. g4 Ke6 35. f3 f5 36. Kd3 Kf6 37. Kc3 Ke6 38. Kb4 fxg4 39. fxg4 Kd6 40.
Kc3 Ke6 41. Kd3 Kd6 42. e4 dxe4+ 43. Kxe4 Ke6 44. d5+ Kd6 45. Kd4 Kd7 46. Ke5
Ke7 47. d6+ Kd7 48. Kd5 h6 49. Ke5 Kd8 50. Ke6 Ke8 51. d7+ Kd8 52. Kd6 h5 53.
gxh5 g4 54. h6 g3 55. h7 1-0

[Event "European Youth Chess Championship G16"]
[Site "Prague, Top Hotel Prague"]
[Date "2012.08.22"]
[Round "6.15"]
[White "Chetina, Elizaveta"]
[Black "Hoare, Amy B"]
[Result "1-0"]
[WhiteElo "1793"]
[BlackElo "1958"]
[PlyCount "67"]
[EventDate "2012.08.17"]

1. e4 e5 2. Nf3 Nc6 3. Bc4 Bc5 4. c3 Nf6 5. d4 exd4 6. e5 d5 7. Bb5 Ne4 8. cxd4
Bb6 9. O-O O-O 10. h3 f6 11. Nc3 Bf5 12. Be3 Nxc3 13. bxc3 Be4 14. exf6 Qxf6
15. Ng5 Bf5 16. Bd3 Ne7 17. Re1 c6 18. Rb1 h6 19. Bxf5 Nxf5 20. Nf3 Rae8 21.
Qd2 Nd6 22. Ne5 Ne4 23. Qc2 Qd6 24. f3 Ng5 25. Bxg5 Rxe5 26. Bh4 Rxe1+ 27. Rxe1
Qf4 28. Bf2 Bc7 29. Qg6 Qd2 30. Re7 Qc1+ 31. Be1 Be5 32. dxe5 Qe3+ 33. Kh2 Qf4+
34. Bg3 1-0

[Event "European Youth Chess Championship G16"]
[Site "Prague, Top Hotel Prague"]
[Date "2012.08.22"]
[Round "6.16"]
[White "Tomin, Ksenija"]
[Black "Sen, Beril Berfin"]
[Result "1-0"]
[WhiteElo "1954"]
[BlackElo "1586"]
[PlyCount "139"]
[EventDate "2012.08.17"]

1. e4 e5 2. Nf3 Nc6 3. Bc4 Bc5 4. d3 Nf6 5. c3 d6 6. Bb3 a6 7. Nbd2 O-O 8. O-O
Ba7 9. h3 Bd7 10. Re1 h6 11. Nf1 Ne7 12. d4 exd4 13. cxd4 d5 14. e5 Ne8 15. Ng3
Be6 16. Bc2 Qd7 17. Qd3 f5 18. exf6 Nxf6 19. Bf4 Ne4 20. Nxe4 Rxf4 21. Ng3 Bf5
22. Qd2 Rxf3 23. gxf3 Bxc2 24. Qxc2 Nc6 25. Qf5 Qxf5 26. Nxf5 Kf7 27. Rad1 Kf6
28. Ne3 Nxd4 29. Nxd5+ Kg6 30. Kg2 c6 31. Nf4+ Kf7 32. Re4 Rd8 33. Rd3 g5 34.
Ne2 c5 35. b4 Nc6 36. Rxd8 Nxd8 37. bxc5 Bxc5 38. f4 Ne6 39. fxg5 Nxg5 40. Rh4
Kg6 41. Ng3 b5 42. Rg4 Kf7 43. f4 Ne6 44. Kf3 44... Be7 $11 45. Ke4 a5 46. Nf5
Bf8 47. Rg1 a4 48. Ne3 b4 49. Rb1 Bd6 50. f5 Ng5+ 51. Kd5 Bf8 52. Nc2 b3 53.
axb3 axb3 54. Rxb3 Kf6 55. Nd4 Be7 56. Rb6+ Kg7 57. Ne6+ Kf7 58. Nf4 Bf8 59. h4
Nf3 60. Ng6 Bg7 61. Ke4 Nd4 62. Rb7+ Kg8 63. Rxg7+ Kxg7 64. Kxd4 Kf6 65. Ke4
Kg7 66. Ke5 Kf7 67. Nf4 Ke7 68. f6+ Kf7 69. Kf5 Kf8 70. Kg6 1-0

[Event "European Youth Chess Championship G16"]
[Site "Prague, Top Hotel Prague"]
[Date "2012.08.22"]
[Round "6.17"]
[White "Dziodzio, Angelika"]
[Black "Varga, Melinda"]
[Result "0-1"]
[WhiteElo "1886"]
[BlackElo "2232"]
[PlyCount "78"]
[EventDate "2012.08.17"]

1. e4 c6 2. d4 d5 3. exd5 cxd5 4. Bd3 Nc6 5. c3 Nf6 6. Bf4 Bg4 7. Qb3 Qd7 8.
Nd2 e6 9. Ngf3 Bd6 10. Bxd6 Qxd6 11. O-O O-O 12. Rae1 Rab8 13. Ne5 Bf5 14. Bxf5
exf5 15. Qc2 g6 16. Qd3 Nd8 17. Qg3 Nh5 18. Qh4 Ne6 19. f4 Qd8 20. Qxd8 Rfxd8
21. g3 Nf6 22. Kg2 Rd6 23. h3 b5 24. a3 a5 25. Nd3 Ne4 26. Re2 b4 27. axb4 axb4
28. Nxe4 fxe4 29. Nc5 f5 30. Nxe6 Rxe6 31. Rc1 Rc6 32. Kf2 Ra8 33. Ke3 Ra2 34.
c4 Rxc4 35. Rxc4 dxc4 36. d5 Kf7 37. Rd2 Ke7 38. g4 Kd6 39. g5 c3 0-1

[Event "European Youth Chess Championship G16"]
[Site "Prague, Top Hotel Prague"]
[Date "2012.08.22"]
[Round "6.18"]
[White "Gogishvili, Dea"]
[Black "Styazhkina, Anna"]
[Result "0-1"]
[WhiteElo "1875"]
[BlackElo "2150"]
[PlyCount "82"]
[EventDate "2012.08.17"]

1. e4 e5 2. Nc3 Nf6 3. g3 d5 4. exd5 Nxd5 5. Bg2 Nxc3 6. bxc3 Nc6 7. Nf3 Bc5 8.
O-O O-O 9. d3 Bg4 10. h3 Bh5 11. g4 Bg6 12. Ng5 Bb6 13. Rb1 Ne7 14. c4 Rb8 15.
Ba3 Re8 16. Qd2 c6 17. Ne4 Bxe4 18. Bxe4 Ng6 19. Bxg6 hxg6 20. Qe2 Bc7 21. Qe4
Qd7 22. Qg2 f5 23. Rfe1 b6 24. Re2 Re6 25. Kh1 Rbe8 26. f3 e4 27. fxe4 fxe4 28.
dxe4 Qd4 29. Rbe1 Qxc4 30. g5 Qxa2 31. Qf3 c5 32. Rf1 R6e7 33. Qd3 Rd8 34. Qa6
Qe6 35. Rf3 Qe5 36. Rf1 Qg3 37. Qc4+ Kh7 38. e5 Rd4 39. Qa2 Rh4 40. Rh2 Bxe5
41. c3 Qxh2+ 0-1

[Event "European Youth Chess Championship G16"]
[Site "Prague, Top Hotel Prague"]
[Date "2012.08.22"]
[Round "6.20"]
[White "Kostitsina, Liubov"]
[Black "Rykala, Monika"]
[Result "1-0"]
[WhiteElo "2057"]
[BlackElo "1844"]
[PlyCount "119"]
[EventDate "2012.08.17"]

1. d4 f5 2. g3 Nf6 3. Bg2 e6 4. Nh3 Be7 5. O-O O-O 6. c4 d5 7. Qc2 Re8 8. b3 c6
9. Nf4 Bd6 10. Nd3 Nbd7 11. Ba3 Bc7 12. Nd2 Ne4 13. Nf3 Qf6 14. Bb2 g5 15. Nfe5
Qg7 16. f3 Nef6 17. Rae1 Nxe5 18. dxe5 dxc4 19. bxc4 Nd7 20. e4 f4 21. gxf4
gxf4 22. Kh1 Kh8 23. Rg1 Qh6 24. Bf1 Nf8 25. Bc1 Ng6 26. Rg4 Rf8 27. h4 Bd8 28.
Qh2 Bd7 29. h5 Ne7 30. Nxf4 Rxf4 31. Rxf4 Qg7 32. h6 Qg8 33. Rg4 Ng6 34. Be2
Qf7 35. Reg1 Bb6 36. R1g2 Rf8 37. Qh5 Bd4 38. f4 Nxe5 39. Qxf7 Nxf7 40. f5 exf5
41. exf5 Bf6 42. Rf2 Ne5 43. Rg1 Nf7 44. Rd1 Bc8 45. Bh5 Ng5 46. Re1 Bd7 47.
Rd2 Bxf5 48. Rd6 Ne4 49. Rxf6 Nxf6 50. Bb2 Kg8 51. Rg1+ Kh8 52. Rf1 Kg8 53.
Rxf5 Nxh5 54. Rxh5 Rd8 55. Rf5 Rd1+ 56. Kg2 Rd2+ 57. Rf2 Rd8 58. Bg7 b5 59. c5
a5 60. Rf6 1-0

[Event "European Youth Chess Championship G16"]
[Site "Prague, Top Hotel Prague"]
[Date "2012.08.22"]
[Round "6.22"]
[White "Zamanova, Bikakhanim"]
[Black "Cosman, Andreea-Marioara"]
[Result "1-0"]
[WhiteElo "1788"]
[BlackElo "1921"]
[PlyCount "57"]
[EventDate "2012.08.17"]

1. e4 c5 2. Nf3 d6 3. d4 cxd4 4. Nxd4 Nf6 5. Nc3 a6 6. Be3 Ng4 7. Bg5 h6 8. Bh4
g5 9. Bg3 Bg7 10. h3 Ne5 11. f3 Nbc6 12. Bf2 Ng6 13. Qd2 Nxd4 14. Bxd4 Bxd4 15.
Qxd4 Be6 16. h4 f6 17. hxg5 hxg5 18. Rxh8+ Nxh8 19. Bc4 Qd7 20. Bxe6 Qxe6 21.
Nd5 Rc8 22. O-O-O Rc5 23. Qxc5 dxc5 24. Nc7+ Kf7 25. Nxe6 Kxe6 26. Rd8 Ng6 27.
Rb8 Nh4 28. Rxb7 Nxg2 29. Kd2 1-0

[Event "European Youth Chess Championship G16"]
[Site "Prague, Top Hotel Prague"]
[Date "2012.08.22"]
[Round "6.23"]
[White "Turk, Tajana"]
[Black "Luzikova, Nicola"]
[Result "0-1"]
[WhiteElo "1907"]
[BlackElo "1769"]
[PlyCount "97"]
[EventDate "2012.08.17"]

1. b3 d5 2. Nf3 c5 3. Bb2 e6 4. e3 Nf6 5. Bb5+ Bd7 6. Bxd7+ Nbxd7 7. O-O Bd6 8.
d4 O-O 9. Nbd2 b6 10. Ne5 Qc7 11. f4 Rac8 12. Rc1 cxd4 13. exd4 Ne4 14. Nxe4
dxe4 15. c4 f6 16. Nxd7 Qxd7 17. Kh1 Qb7 18. f5 exf5 19. Rxf5 g6 20. Rf2 f5 21.
d5 Qc7 22. Qd4 Bc5 23. Qh8+ Kf7 24. Qxh7+ Ke8 25. Qxg6+ Qf7 26. Qxf7+ Rxf7 27.
Re2 Kd7 28. Rd1 e3 29. Rf1 f4 30. Rf3 Re8 31. g4 Re4 32. Kg2 Ke7 33. g5 Bd4 34.
Ba3+ Kd7 35. h4 Bg7 36. Bc1 Ke7 37. Rf1 Bd4 38. Kf3 Re5 39. Ba3+ Kd7 40. Rd1
Bc3 41. Rd3 Bd2 42. Bb2 Re8 43. h5 Rf5 44. Bf6 Rg8 45. h6 Rgxg5 46. h7 Rg3+ 47.
Ke4 f3 48. h8=Q fxe2 49. Qd8# 0-1

[Event "European Youth Chess Championship G16"]
[Site "Prague, Top Hotel Prague"]
[Date "2012.08.22"]
[Round "6.25"]
[White "Colantuono, Virginia"]
[Black "Sanders, Catheleijne"]
[Result "0-1"]
[WhiteElo "1892"]
[BlackElo "1800"]
[PlyCount "76"]
[EventDate "2012.08.17"]

1. e4 c5 2. Nf3 d6 3. d4 cxd4 4. Nxd4 Nf6 5. Nc3 a6 6. Be2 e5 7. Nb3 Be7 8. O-O
O-O 9. Be3 Be6 10. Qd2 Qc7 11. a4 Nc6 12. Rfd1 Rfc8 13. f3 Nb4 14. Rac1 d5 15.
exd5 Nfxd5 16. Nxd5 Nxd5 17. Bf2 h6 18. h4 Rd8 19. Qe1 Rac8 20. c4 Nb4 21. a5
Qc6 22. Bf1 Qa4 23. Rxd8+ Rxd8 24. Qe3 Qa2 25. Qc3 Qa4 26. Qe3 Nc6 27. Ra1 Qb4
28. Be1 Qd6 29. Be2 Nd4 30. Nxd4 exd4 31. Qd3 Qe5 32. Rd1 Bf5 33. Qd2 d3 34.
Bf1 Qd4+ 35. Bf2 Qxc4 36. Rc1 Qb4 37. Be1 Bc5+ 38. Kh1 Qd4 0-1

[Event "European Youth Chess Championship G16"]
[Site "Prague, Top Hotel Prague"]
[Date "2012.08.22"]
[Round "6.26"]
[White "Hiebler, Laura"]
[Black "Leonardi, Caterina"]
[Result "1/2-1/2"]
[WhiteElo "1795"]
[BlackElo "1884"]
[PlyCount "161"]
[EventDate "2012.08.17"]

1. c4 c5 2. Nc3 Nc6 3. Nf3 Nf6 4. g3 g6 5. Bg2 Bg7 6. O-O O-O 7. d4 cxd4 8.
Nxd4 Nxd4 9. Qxd4 d6 10. Qd2 Qc7 11. b3 Bd7 12. Bb2 Bc6 13. e4 e6 14. Rad1 Rfd8
15. Ba3 Qa5 16. Bb2 Qh5 17. Qc2 Rac8 18. Ne2 Qa5 19. Bc3 Qc7 20. Nd4 d5 21.
exd5 exd5 22. Nxc6 bxc6 23. Bxf6 Bxf6 24. Bh3 Rb8 25. cxd5 c5 26. Rfe1 Rd6 27.
Re4 Qb6 28. Qe2 Bd4 29. Re8+ Rxe8 30. Qxe8+ Kg7 31. Bg2 Rf6 32. Rf1 Qa6 33. a4
Qd3 34. Qb5 Qd2 35. Kh1 Rxf2 36. Rxf2 Qxf2 37. Qf1 Qe3 38. Qd1 h5 39. Bf3 Kh6
40. Be2 f5 41. Bf3 g5 42. Bg2 g4 43. Qf1 Kg6 44. d6 Qe6 45. Qa6 h4 46. gxh4 f4
47. Qd3+ Kh6 48. d7 Qxd7 49. Be4 g3 50. Bf5 Qd5+ 51. Qe4 g2+ 52. Kxg2 Qg8+ 53.
Kf3 Qxb3+ 54. Kxf4 Qxa4 55. Qe6+ Bf6+ 56. Be4 Qd4 57. Qg8 Qf2+ 58. Bf3 Qxh2+
59. Ke3 Qe5+ 60. Kd2 Qc3+ 61. Ke2 Qc2+ 62. Ke3 Bd4+ 63. Kf4 Qc1+ 64. Kf5 Qb1+
65. Kf4 Qc1+ 66. Kf5 Qc2+ 67. Kf4 Qd2+ 68. Kg4 Qe3 69. Qg5+ Qxg5+ 70. hxg5+ Kg6
71. Be2 a5 72. Bd3+ Kf7 73. Kf5 Ke7 74. Bc4 Kd6 75. g6 a4 76. Ba2 Kc6 77. Bc4
Kb6 78. Ke6 Ka5 79. Kd5 Kb4 80. Ba2 Bg7 81. Bc4 1/2-1/2

[Event "European Youth Chess Championship G16"]
[Site "Prague, Top Hotel Prague"]
[Date "2012.08.22"]
[Round "6.27"]
[White "Skakun, Valentina"]
[Black "Rodsmoen, Maud"]
[Result "1-0"]
[WhiteElo "1884"]
[BlackElo "1777"]
[PlyCount "185"]
[EventDate "2012.08.17"]

1. d4 d5 2. c4 c6 3. cxd5 cxd5 4. Nf3 Nf6 5. Nc3 Nc6 6. Bf4 Bf5 7. Qb3 Na5 8.
Qa4+ Bd7 9. Qc2 Rc8 10. e3 e6 11. Bd3 Nc4 12. O-O Bb4 13. a3 Ba5 14. Bxc4 Rxc4
15. Ne5 Rc8 16. Qd3 O-O 17. Bg5 Rc7 18. b4 Bb6 19. Ng4 Kh8 20. e4 Rc4 21. Ne2
Bb5 22. e5 Rxd4 23. Qh3 Rxg4 24. Bxf6 gxf6 25. Qxg4 Rg8 26. Qf3 fxe5 27. Rfe1
Qe7 28. Nc3 e4 29. Qf4 Bd7 30. Rad1 Qg5 31. Qxg5 Rxg5 32. Nxe4 Rf5 33. Nc5 Bxc5
34. bxc5 Rg5 35. Re3 Rg8 36. Rf3 Rf8 37. h3 Kg7 38. Rd4 f6 39. Rg4+ Kh6 40.
Rgf4 Kg7 41. Rg4+ Kf7 42. Rh4 Rh8 43. Rhf4 f5 44. g4 Rg8 45. Kh2 Kf6 46. gxf5
e5 47. Rh4 Bxf5 48. Rh5 Rg5 49. Rxg5 Kxg5 50. Rb3 Bc8 51. Kg3 Kf6 52. Kf3 Ke6
53. Rb4 d4 54. Ke4 Bd7 55. f4 Bc6+ 56. Kd3 exf4 57. Rxd4 Kf5 58. Rd6 Kg5 59.
Ke2 h5 60. Rd4 Bg2 61. h4+ Kf5 62. Rd7 Bc6 63. Rg7 Kf6 64. Rg5 Kf7 65. Rxh5 Kg6
66. Rg5+ Kf6 67. Kf2 b6 68. cxb6 axb6 69. Rg8 b5 70. h5 Be4 71. h6 Kf7 72. Rg5
Bd3 73. Kf3 Kf6 74. Kxf4 Kf7 75. Ke5 Kf8 76. Kd4 Bc2 77. Rxb5 Kg8 78. Rb6 Kh7
79. Kc3 Be4 80. a4 Bd5 81. a5 Bf7 82. Rb7 Kg6 83. Rxf7 Kxf7 84. a6 Kg6 85. a7
Kxh6 86. a8=Q Kg5 87. Qf8 Kg4 88. Qf6 Kg3 89. Kd3 Kg2 90. Ke3 Kh1 91. Qg5 Kh2
92. Kf2 Kh3 93. Qh5# 1-0

[Event "European Youth Chess Championship G16"]
[Site "Prague, Top Hotel Prague"]
[Date "2012.08.22"]
[Round "6.28"]
[White "Beshukova, Ekaterina"]
[Black "Trippold, Denise"]
[Result "1/2-1/2"]
[WhiteElo "1879"]
[BlackElo "1773"]
[PlyCount "133"]
[EventDate "2012.08.17"]

1. d4 Nf6 2. Nf3 e6 3. e3 b6 4. b3 Bb7 5. Bb2 c5 6. Be2 cxd4 7. exd4 Be7 8. O-O
O-O 9. c4 d6 10. Nbd2 Nbd7 11. Re1 Qc7 12. Bd3 Rfe8 13. Rc1 Rac8 14. b4 Bf8 15.
Qc2 g6 16. Qb3 Qb8 17. Ba1 Bg7 18. Rb1 Kh8 19. a4 Nh5 20. Qa3 Qc7 21. Rbc1 Kg8
22. Ne4 Nhf6 23. Nfd2 Nxe4 24. Nxe4 Nf6 25. Nxf6+ Bxf6 26. c5 dxc5 27. dxc5
Bxa1 28. Qxa1 bxc5 29. Rxc5 Qf4 30. Qc3 Red8 31. Bf1 Rxc5 32. Qxc5 Qd2 33. Re2
Qd7 34. b5 a6 35. Rb2 Rc8 36. Qb4 Rc1 37. Rd2 Qc7 38. Qd6 Qxd6 39. Rxd6 axb5
40. axb5 Rb1 41. Rd8+ Kg7 42. f3 Bd5 43. Kf2 Rb4 44. Rb8 Bc4 45. Bxc4 Rxc4 46.
b6 Rb4 47. Ke3 e5 48. Kd3 f5 49. Kc3 Rb1 50. Kc4 Rb2 51. Kd5 Rxg2 52. Kxe5 Rxh2
53. Rb7+ Kh6 54. Rc7 Kg5 55. b7 Rb2 56. Rxh7 Rb6 57. Kd5 Kf4 58. Kc5 Rb1 59.
Kc6 g5 60. Rh8 Kxf3 61. b8=Q Rxb8 62. Rxb8 g4 63. Rb3+ Kf2 64. Rb2+ Kf3 65.
Rb3+ Kg2 66. Rb2+ Kf3 67. Rb3+ 1/2-1/2

[Event "European Youth Chess Championship G16"]
[Site "Prague, Top Hotel Prague"]
[Date "2012.08.22"]
[Round "6.29"]
[White "Sroubova, Lenka"]
[Black "Rojikova, Lenka"]
[Result "1/2-1/2"]
[WhiteElo "1772"]
[BlackElo "1866"]
[PlyCount "120"]
[EventDate "2012.08.17"]

1. e4 c5 2. Nf3 d6 3. d3 g6 4. g3 Bg7 5. Bg2 Nc6 6. O-O e6 7. c3 Nge7 8. Be3
O-O 9. Nh4 e5 10. f4 exf4 11. Bxf4 Be6 12. Nf3 b5 13. Re1 h6 14. Be3 Rc8 15. d4
cxd4 16. cxd4 d5 17. e5 b4 18. Nbd2 Na5 19. Rc1 Nc4 20. Nxc4 dxc4 21. Nd2 Qa5
22. Ne4 Nf5 23. Qd2 Rfd8 24. Nf6+ Bxf6 25. exf6 Nxe3 26. Rxe3 Qg5 27. Rf1 c3
28. bxc3 bxc3 29. Qc1 c2 30. Rf4 Rxd4 31. Rxd4 Qxe3+ 32. Qxe3 c1=Q+ 33. Qxc1
Rxc1+ 34. Kf2 Rc2+ 35. Kg1 Rxa2 36. Rd8+ Kh7 37. Rd4 a5 38. Bd5 Bxd5 39. Rxd5
g5 40. Rd6 Kg6 41. Ra6 a4 42. g4 a3 43. h3 h5 44. Kf1 Rb2 45. gxh5+ Kxh5 46.
Rxa3 Kg6 47. Rf3 Rb6 48. Kg2 Rxf6 49. Ra3 Rf4 50. Kg3 Rb4 51. Ra6+ f6 52. Kf3
Rb3+ 53. Kg4 Rc3 54. Rb6 Ra3 55. Rc6 Ra1 56. Rb6 Ra4+ 57. Kf3 Rh4 58. Kg3 Re4
59. Kf3 Re5 60. Kg4 Ra5 1/2-1/2

[Event "European Youth Chess Championship G16"]
[Site "Prague, Top Hotel Prague"]
[Date "2012.08.22"]
[Round "6.31"]
[White "Shepherd, Katherine M"]
[Black "Tarnowska, Aleksandra"]
[Result "0-1"]
[WhiteElo "1766"]
[BlackElo "1839"]
[PlyCount "92"]
[EventDate "2012.08.17"]

1. d4 d5 2. Bf4 Nf6 3. e3 c5 4. c3 Nc6 5. Nd2 e6 6. Ngf3 c4 7. Be2 Be7 8. O-O
O-O 9. b3 b5 10. a4 b4 11. bxc4 bxc3 12. Nb1 Bb4 13. Qb3 Ne4 14. Ne1 g5 15. Bg3
Ba6 16. Bd3 dxc4 17. Bxc4 Na5 18. Qxb4 Bxc4 19. Nxc3 Nd2 20. Nb5 Nab3 21. Ra2
Bxf1 22. Bd6 Re8 23. Rxd2 Nxd2 24. Nc7 Rb8 25. Qxd2 Qxd6 26. Nxe8 Rxe8 27. Kxf1
Qa6+ 28. Qd3 Qxa4 29. g3 Rc8 30. Nf3 Rc1+ 31. Kg2 Qd1 32. Qxd1 Rxd1 33. Nxg5 a5
34. Ne4 Rc1 35. Nd6 a4 36. Nb5 Rb1 37. Nc3 Rb4 38. Kf3 a3 39. h4 Rb3 40. Na2
Rb2 41. Nc1 Rc2 42. Nb3 a2 43. Ke4 Rb2 44. Na1 Rb1 45. Nc2 Rc1 46. Kd3 Rxc2 0-1

[Event "European Youth Chess Championship G16"]
[Site "Prague, Top Hotel Prague"]
[Date "2012.08.22"]
[Round "6.32"]
[White "Grochocinska, Urszula"]
[Black "Amiridou, Dimitra"]
[Result "0-1"]
[WhiteElo "1828"]
[BlackElo "1752"]
[PlyCount "94"]
[EventDate "2012.08.17"]

1. e4 c5 2. Nf3 e6 3. d3 Nc6 4. g3 g6 5. Bg2 Bg7 6. O-O Nge7 7. Nbd2 d5 8. Re1
O-O 9. c3 d4 10. Qc2 dxc3 11. bxc3 Nb4 12. cxb4 Bxa1 13. e5 cxb4 14. Ne4 f5 15.
Neg5 Bc3 16. Re2 Bd7 17. Qb3 Qb6 18. Be3 Qa6 19. Bc5 Rfe8 20. Bd6 Nd5 21. Nd4
Nf4 22. gxf4 Bxd4 23. Bd5 Qa3 24. Qxa3 bxa3 25. Bxb7 Rab8 26. Bxb8 Rxb8 27. Bg2
Rb2 28. Bf1 h6 29. Nf3 Bc3 30. d4 Bc6 31. Re3 Bb4 32. Bc4 Kf7 33. Kg2 a5 34.
Kg3 a4 35. Ne1 Bxe1 36. Rxe1 Rc2 37. Bd3 Rxa2 38. Rc1 Be4 39. Rc7+ Kf8 40. Bb5
Rc2 41. Rd7 Bc6 42. Rc7 a2 43. Bxc6 Rxc6 44. Rxc6 a1=Q 45. Rxe6 a3 46. d5 Qg1+
47. Kh3 Qg4# 0-1

[Event "European Youth Chess Championship G16"]
[Site "Prague, Top Hotel Prague"]
[Date "2012.08.22"]
[Round "6.34"]
[White "Kejzar, Petra"]
[Black "Gueci, Laura"]
[Result "1-0"]
[WhiteElo "1704"]
[BlackElo "1819"]
[PlyCount "73"]
[EventDate "2012.08.17"]

1. e4 c5 2. Nf3 d6 3. d4 cxd4 4. Qxd4 Nc6 5. Qe3 Nf6 6. c4 g6 7. Nc3 Bg7 8. Be2
O-O 9. O-O Bg4 10. h3 Bxf3 11. Bxf3 Rc8 12. b3 Nd7 13. Bb2 Nde5 14. Bd1 a6 15.
Kh1 Nb4 16. Qd2 Nbd3 17. Ba3 Nxc4 18. bxc4 Rxc4 19. Nb1 Bxa1 20. Qxd3 Qc7 21.
Bb3 Rc6 22. Nd2 Bg7 23. Nc4 b5 24. Ne3 e6 25. Rd1 Rd8 26. f4 Qb6 27. e5 d5 28.
Bd6 Rdxd6 29. exd6 Rc3 30. Nxd5 Rxd3 31. Nxb6 Rxd1+ 32. Bxd1 Kf8 33. Bf3 Bd4
34. Nd7+ Ke8 35. Ne5 Bb6 36. Bc6+ Kd8 37. Nxf7+ 1-0

[Event "European Youth Chess Championship G16"]
[Site "Prague, Top Hotel Prague"]
[Date "2012.08.22"]
[Round "6.35"]
[White "Johnova, Eliska"]
[Black "Nicolajsen, Thea"]
[Result "1/2-1/2"]
[WhiteElo "1798"]
[BlackElo "1691"]
[PlyCount "117"]
[EventDate "2012.08.17"]

1. e4 c6 2. d4 d5 3. exd5 cxd5 4. Bf4 e6 5. Nd2 Nf6 6. Bd3 Nc6 7. c3 Bd6 8. Ne2
Bxf4 9. Nxf4 Qd6 10. Ne2 e5 11. dxe5 Nxe5 12. Bb5+ Bd7 13. Bxd7+ Nfxd7 14. O-O
O-O 15. Nd4 f5 16. N2f3 Nxf3+ 17. Qxf3 f4 18. Rfe1 Rf6 19. Rad1 a6 20. Qh5 g6
21. Qg5 b5 22. Nxb5 axb5 23. Rxd5 Re6 24. Red1 Rae8 25. Kf1 Qa6 26. Qxf4 Re4
27. Qf3 Qe6 28. g3 Rf8 29. Qd3 Nf6 30. Rd8 Qh3+ 31. Kg1 Ree8 32. Rxe8 Rxe8 33.
Qf1 Qf5 34. h3 Qf3 35. Rd3 Qf5 36. Re3 Rf8 37. g4 Qd5 38. Qd3 Qc5 39. Qd4 Qxd4
40. cxd4 Rd8 41. Re5 b4 42. g5 Nd5 43. Kh2 Nf4 44. Re4 Nd3 45. Re2 Rxd4 46. Rd2
Rd7 47. Kg3 Kf7 48. f4 Ke6 49. a4 Nc5 50. Rxd7 Kxd7 51. a5 Kc6 52. h4 Kd6 53.
Kg4 Ke6 54. b3 Na6 55. h5 Nc5 56. h6 Na6 57. f5+ gxf5+ 58. Kf4 Kf7 59. Kxf5
1/2-1/2

[Event "European Youth Chess Championship G16"]
[Site "Prague, Top Hotel Prague"]
[Date "2012.08.22"]
[Round "6.36"]
[White "Zemkova, Klara"]
[Black "Kopnicka, Henrieta"]
[Result "1-0"]
[WhiteElo "1646"]
[BlackElo "1711"]
[PlyCount "73"]
[EventDate "2012.08.17"]

1. e4 c5 2. Nf3 Nc6 3. d4 cxd4 4. Nxd4 Nf6 5. Nc3 d6 6. Be2 g6 7. Be3 Bg7 8.
O-O O-O 9. h3 a6 10. Qd2 Qc7 11. f4 Rd8 12. Rad1 Nxd4 13. Bxd4 b5 14. Qe3 Rb8
15. e5 Ne8 16. Nd5 Qd7 17. Bb6 Bb7 18. exd6 exd6 19. Bxd8 Rxd8 20. c3 Bxd5 21.
Rxd5 Nc7 22. Rdd1 Re8 23. Qd3 Bf8 24. f5 Re5 25. Bg4 h5 26. Qg3 Qc8 27. Bxh5
Ne8 28. fxg6 Qc5+ 29. Kh1 f6 30. Bg4 Bh6 31. Rfe1 Nc7 32. Qh4 Bg7 33. Rf1 Nd5
34. Rde1 Qc4 35. Be6+ Kf8 36. Qxc4 bxc4 37. Rxe5 1-0

[Event "European Youth Chess Championship G16"]
[Site "Prague, Top Hotel Prague"]
[Date "2012.08.22"]
[Round "6.37"]
[White "Branco, Joana Catarina Cost"]
[Black "Machlik, Monika"]
[Result "0-1"]
[WhiteElo "1394"]
[BlackElo "1718"]
[PlyCount "68"]
[EventDate "2012.08.17"]

1. e4 Nf6 2. Nc3 d5 3. e5 Nfd7 4. d4 e6 5. Bd3 c5 6. f4 cxd4 7. Nce2 Nc6 8. Nf3
Bc5 9. Bb5 Qa5+ 10. Qd2 Qxb5 11. Nexd4 Nxd4 12. Nxd4 Bxd4 13. Qxd4 Qc4 14. Qf2
b6 15. c3 Nc5 16. Qd4 Qxd4 17. cxd4 Nd3+ 18. Ke2 Nxc1+ 19. Raxc1 Ba6+ 20. Kd2
Kd7 21. Rc3 Rhc8 22. Rhc1 Rc4 23. Rxc4 Bxc4 24. b3 Ba6 25. Rc3 Rc8 26. g4 Rxc3
27. Kxc3 f6 28. a4 fxe5 29. fxe5 Be2 30. h3 g5 31. Kd2 Bf1 32. Ke3 Bxh3 33. Kf3
Bf1 34. Ke3 a5 0-1

[Event "European Youth Chess Championship G16"]
[Site "Prague, Top Hotel Prague"]
[Date "2012.08.22"]
[Round "6.38"]
[White "Stranska, Kamila"]
[Black "Lampard, Alice"]
[Result "1/2-1/2"]
[WhiteElo "1633"]
[BlackElo "1593"]
[PlyCount "79"]
[EventDate "2012.08.17"]

1. e4 c5 2. Nc3 Nc6 3. f4 g6 4. Nf3 Bg7 5. g3 e6 6. Bg2 Nge7 7. d3 O-O 8. O-O
d5 9. e5 a6 10. Bd2 Bd7 11. a3 Rc8 12. Nh4 f6 13. exf6 Bxf6 14. Nf3 Qc7 15. Rb1
b5 16. Ne2 Rce8 17. Bc3 d4 18. Bd2 Qc8 19. Nc1 Nd5 20. Re1 Nb6 21. Nb3 Be7 22.
Ne5 Nxe5 23. fxe5 Bc6 24. Qg4 Bxg2 25. Kxg2 Qc6+ 26. Qe4 Qxe4+ 27. Rxe4 Nd7 28.
c3 dxc3 29. Bxc3 Rc8 30. Nd2 Nb6 31. Nf3 Nd5 32. Bd2 b4 33. axb4 cxb4 34. Nd4
Bc5 35. Nf3 Be7 36. Nd4 Bc5 37. Nf3 Be7 38. Nd4 Bc5 39. Nf3 Be7 40. Nd4 1/2-1/2